| 000 | 00631 a2200253 4500 | ||
|---|---|---|---|
| 005 | 20260406125551.0 | ||
| 008 | 260406b |||||||| |||| 00| 0 eng d | ||
| 020 |
_a9789367138199 _cRs. 1180.00 |
||
| 040 | _aMAIN | ||
| 082 |
_a658.8 _bK848M(17) |
||
| 100 | _aKotler, Philip | ||
| 245 | _aMarketing management | ||
| 250 | _a17th | ||
| 260 |
_bPearson India _aNoida _c2026 |
||
| 300 | _axxii, 649 | ||
| 650 | _aManagement | ||
| 650 | _aMarketing | ||
| 650 | _aConsumer Behavior | ||
| 700 | _aKeller, Kevin Lane | ||
| 700 | _aChernev, Alexander | ||
| 700 | _aSheth, Jagdish N | ||
| 700 | _aShaines, G | ||
| 942 | _cBK | ||
| 999 |
_c396928 _d396928 |
||